| 000 | 00652nam a2200241 4500 | ||
|---|---|---|---|
| 999 |
_c1171 _d1171 |
||
| 001 | 3127950 | ||
| 003 | GBCCL | ||
| 005 | 20241126110355.0 | ||
| 008 | 720717s1972 ilu b 001 0 eng | ||
| 010 | _a 70175496 | ||
| 020 | _a0802415474 | ||
| 040 |
_aDLC _cDLC _dDLC |
||
| 050 | 0 | 0 |
_aBV600.2 _b.S27 |
| 082 | 0 | 0 |
_a262.7 _bSAU |
| 100 | 1 |
_aSaucy, Robert L. _92153 |
|
| 245 | 1 | 4 |
_aThe church in God's program | _cRobert L. Saucy. |
| 260 |
_aChicago, _bMoody Press _c[1972] |
||
| 300 |
_a254 p. _c23 cm. |
||
| 504 | _aBibliography: p. 235-245. | ||
| 650 | 0 |
_aChurch. _9263 |
|
| 906 |
_a7 _bcbc _corignew _d2 _encip _f19 _gy-gencatlg |
||
| 942 |
_2ddc _cBK _018 |
||